000 02107namaa2200409 i 4500
003 EG-GICUC
005 20260504115855.0
008 260426m2013 ua aoh|jr|||| 001 0 ara d
017 _a2012 / 21251
_bدار الكتب والوثائق القومية (مصر)
017 _a2013 / 15562
_bدار الكتب والوثائق القومية (مصر)
017 _a2014 / 7622
_bدار الكتب والوثائق القومية (مصر)
020 _a9789772814978
020 _a9789772815227
020 _a9789772815081
040 _aEG-GiCUC
_bara
_cEG-GiCUC
_dEG-GiCUC
_erda
043 _af-ua---
082 0 4 _221
_a923.1
_bN254
092 0 4 _221
_a923.1
_bN254
099 _a923.1 N254
100 1 _aجمال عبد الناصر، هدى
_eمؤلف.
245 1 _a: 60 عاما على ثورة 23 يوليو
_bجمال عبد الناصر : الأوراق الخاصة /
_cإعداد دكتورة هدى جمال عبد الناصر
250 _aالطبعة الاولى
264 _aالجيزة (مصر) :
_bالمكتبة الأكاديمية،
_c2013-
300 _aمجلدات 3 :
_bإيضاحيات، صور، مثيليات ؛
_c28 سم
336 _2rdacontent
_atext
337 _2rdamedia
_aUnmediated
338 _2rdacarrier
_avolume
500 _aالمكتبة تقتنى المجلد الاول والمجلد الثانى والمجلد الثالث فقط
504 _aيشتمل على ارجاعات ببليوجرافية وكشاف.
505 _aالمجلد الاول . جمال عبد الناصر طالبا وضابطا -- المجلد الثانى . الثورة فى سنواتها الاولى -- المجلد الثالث . تأميم قناة السويس والعدوان الثلاثى
541 _aد. جابر عصفور ؛
_bالقاهرة ؛
_cإهداء ؛
_d2024.
600 1 4 _aجمال عبد الناصر
_bPresident (1958-1970 : Nasser)
_910750
650 1 7 _aالملوك والحكام
_2qrmak
651 1 7 _2qrmak
_aمصر
_xتاريخ
_yالعصر الحديث
_yجمال عبد الناصر
905 _aAya
942 _2ddc
_cBK
_e21
_n0
999 _c179744
_d179744